000 00616nam a2200229Ia 4500
003 OSt
005 20221005131407.0
006 a|||||r|||| 00| 0
007 ta
008 221004b |||||||| |||| 00| 0 eng d
024 _a59357
037 _cTextual
040 _aCRL
_cCRL
_beng
041 _2eng
_aeng
082 _aV2:25xM69:9, K92
100 _aBandyopadhyaya Jayantanuja
245 0 _aSocial and political thought of Gandhi
260 _c1969
650 _aGANDHI, MAHATAMA
_94156
942 _hV2:25xM69:9, K92
_cTEXL
_2cc
999 _c1060217
_d1060217